02064nam a2200265Ia 4500001000600000003000900006008004100015040001300056040001300069041001500082100002400097100002900121245007600150245015900226250001100385260001100396260001100407260004900418300005700467500117800524650002501702650003101727700001101758700002901769K0335IT-RoPAU130308s9999 xx 000 0 und d aIT-RoPAU cIT-RoPAU aITALIANO  aPallucchini Rodolfo gCodice Aut. SPICS: 2937 aDa Tiziano a El Greco. per la storia del manierismo a Venezia 1540-1590 bDa Tiziano a El Greco. per la storia del manierismo a Venezia 1540-1590  a1a ed. aMILANO bElecta c1981 [1° Ed.:1981 - Ed.Ling.Originale:1981] a"350 p. (prefazione: no ; testo: 350 [pagine: 0-0])" a"Catalogo della mostra Tenutasi a Venezia, palazzo Ducale, settembre Dicembre 1981. Concetto di manierismo Applicato All'Arte Veneta. Protomanierismo del Pordenone. Aretino e Sansovino a Venezia. Soggiorno veneziano di Francesco Salviati e Vasari. Giuseppe porta Detto Salviati e suo Inserimento nella Cultura figurativa Veneziana. Crisi Manieristica in Tiziano. momento Manieristico di Paris Bordon. Giovanni De Mio. Dalmata Schiavone. Lambert Sustris tra Tiziano e Tintoretto. Giulio Licinio Diffusore manierismo in Baviera e Austria. Schermaglie Critiche. Jacopo Tintoretto. Jacopo Bassano. Paolo Veronese. Battista Franco. Pietro De Mariscalchi. Palma Il Giovane, sette Maniere. Paolo Fiammingo, Federico Zuccari, Ludovico Pozzoserrato. Domenico Theotocopulos Detto El Greco. Giovanni Antonio Pordenone. Francesco Salviati. Giorgio Vasari. Giulio Licinio. Battista del Moro. Giambattista Zeloti. Battista Franco Detto Semolei. Pietro Malombra. Leonardo Corona. Antonio Vasillacchi Detto Alienese. Andrea Michieli Detto Vicentino. Sante Per; Pietro Prachner; Norberto Grund; Giuseppe Malinsky; Oggetti Vari... " aSTORIA DELLA PITTURA eCodice materia Spics: 5208 aAA.VV. gCodice Aut. SPICS: 12000